Score 0/16 Timer 03:00
0 Plays Today
Hint Answer % Correct
ACKECake
98.3%
CAFEFace
97.2%
SHIFFish
93.5%
KRADDark
89.8%
STUDDust
89.4%
SWINGWings
88.8%
OWNSSnow
87.6%
YEESEyes
84.9%
Hint Answer % Correct
SHELLHells
83.9%
CHARArch
83.6%
LARDINGDarling
71.7%
LIGHTEDDelight
69.8%
word in common with all of the above:Angel
45.8%
LEFLANFallen
45.3%
ADUARINGGuardian
40.8%
GREENMESSMessenger
28.6%
Remove Ads.
Support Sporcle.
Get the best of Sporcle when you Go Orange. This ad-free experience offers more features, more stats, and more fun while also helping to support Sporcle. Thank you for becoming a member.

You're not logged in!

Compare scores with friends on all Sporcle quizzes.
OR
Log In

Show Comments

Extras

Top Quizzes Today


Score Distribution

Your Account Isn't Verified!

In order to create a playlist on Sporcle, you need to verify the email address you used during registration. Go to your Sporcle Settings to finish the process.

Report this User

Report this user for behavior that violates our Community Guidelines.

Details: